| Tag |
First Indicator |
Second Indicator |
Subfields |
| LEADER |
00000pam a2200000 a 4500 |
| 001 |
in00000079349 |
| 005 |
20151008060831.0 |
| 008 |
810720s1982 enk b 00110 eng |
| 010 |
|
|
|a 81012208
|
| 020 |
|
|
|a 052124353X
|
| 020 |
|
|
|a 0521286204 (pbk.)
|
| 035 |
|
|
|a (OCoLC)07672516
|
| 035 |
|
|
|9 AAJ6685AM
|
| 039 |
0 |
|
|a 2
|b 3
|c 3
|d 3
|e 3
|
| 040 |
|
|
|a DLC
|c DLC
|d TXA
|d UtOrBLW
|
| 041 |
0 |
|
|a eng
|a grc
|
| 049 |
|
|
|a TXAM
|c [388020]
|
| 050 |
0 |
0 |
|a PA4020
|b .P24 1982
|
| 082 |
0 |
|
|a 883/.01
|2 19
|
| 100 |
1 |
|
|a Macleod, Colin.
|
| 245 |
1 |
0 |
|a Homer, Iliad, book XXIV /
|c edited by C.W. Macleod.
|
| 264 |
|
1 |
|a Cambridge [Cambridgeshire] ;
|a New York :
|b Cambridge University Press,
|c 1982.
|
| 300 |
|
|
|a ix, 161 pages ;
|c 20 cm.
|
| 336 |
|
|
|a text
|b txt
|2 rdacontent
|
| 337 |
|
|
|a unmediated
|b n
|2 rdamedia
|
| 338 |
|
|
|a volume
|b nc
|2 rdacarrier
|
| 490 |
1 |
|
|a Cambridge Greek and Latin classics
|
| 500 |
|
|
|a Includes index.
|
| 504 |
|
|
|a Bibliography: pages 58-60.
|
| 600 |
0 |
0 |
|a Homer.
|t Iliad.
|n Book 24.
|
| 700 |
0 |
|
|a Homer.
|t Iliad.
|n Book 24.
|l English.
|f 1982.
|
| 830 |
|
0 |
|a Cambridge Greek and Latin classics.
|
| 999 |
|
|
|a MARS
|
| 999 |
f |
f |
|s f7692174-6439-343e-bae9-1e61daa179e9
|i b46602ef-bc62-3d33-ad83-eb9171637dee
|t 0
|
| 952 |
f |
f |
|p ric
|a Texas A&M University
|b Rellis Campus
|c Joint Library Facility
|s JLF
|d Remote Storage
|t 0
|e PA4020 .P24 1982
|h Library of Congress classification
|i unmediated -- volume
|m A14806173183
|
| 998 |
f |
f |
|a PA4020 .P24 1982
|t 0
|l Remote Storage
|